Villes du championnat du monde de Yu-Gi-Oh! - Statistiques

Statistiques générales
  • Ce quiz a été pris 25 fois
  • Le résultat moyen est 12 sur 20
Statistiques - réponses
Année Ville % Correct
2025 Paris
100%
2017 Tokyo
100%
2023 Tokyo
100%
2006 Tokyo (Akihabara)
100%
2009 Tokyo (Akihabara)
100%
2005 Tokyo (Ariake)
100%
2012 Tokyo (Roppongi)
100%
2003 New York
91%
2008 Berlin
82%
2019 Berlin
82%
2004 Los Angeles
73%
2015 Kyoto
59%
2011 Amsterdam
36%
2024 Seattle
36%
2013 Las Vegas
32%
2016 Orlando
18%
2007 San Diego
14%
2018 Chiba
9%
2010 Long Beach
5%
2014 Rimini
5%
Aucun quiz correspondant
Distribution des résultats
% des personnes avec chaque résultat
Percentile par nombre de réponses
Votre historique - résultats
Vous n’avez pas pris ce quiz